| 000 | 00491nam a22001697a 4500 | ||
|---|---|---|---|
| 003 | OSt | ||
| 005 | 20250507161434.0 | ||
| 008 | 250429b |||||||| |||| 00| 0 eng d | ||
| 020 | _a9781780521442 | ||
| 040 | _cRDA | ||
| 100 |
_aNORTH, KLAUS., _eAUTHOR _9753386 |
||
| 245 |
_aEFFECTIVE KNOWLEDGE WORK _cBY Klaus North and Stefan Gueldenberg |
||
| 260 |
_aUNITED KINGDOM _bEMERALD _c2011 |
||
| 300 | _axiv,230P | ||
| 700 |
_aGueldenberg, Stefan., _eAuthor _9755442 |
||
| 942 |
_2CC _cGB _e2011 _n0 |
||
| 999 |
_c1309722 _d1309722 |
||